000 01453 a2200217 4500
001 61908
005 20260407155911.0
008 260407a1990 arg spa d
003 AR-UNSa-BCEJYS
040 _aAR-UNSa-BCEJYS
_bspa
_cAR-UNSa-BCEJYS
080 _a341.9
_xDerecho Internacional Privado. Conflictos de Leyes
245 1 0 _aContratos internacionales
020 _a978-950-14-0537-8
264 1 _aBuenos Aires :
_bEdiciones Depalma
_c1990
300 _axiii, 166 p.
_c23 cm.
505 _aParte Primera: Introducción histórica y comparativa - Parte Segunda: La convención de La Haya del 22 de diciembre de 1986, sobre la ley aplicable a los contratos de compraventa internacional de mercaderías y la CIDIP-IV - Parte Tercera: La Convención de las Naciones Unidas sobre los contratos de compraventa internacional de mercaderías, Viena, 1980, y la CIDIP-IV - Parte Cuarta: De la Convención de Viena a la Convención de la Haya y a las normas de jursidicción internacional - Parte Quinta: Relaciones entre la unificación de normas materiales, la unificación de las normas de conflicto y la unificación de la normas sobre jurisdiccón internacional - Parte Sexta: Jurisdicción Internacional - Parte Séptima: Convención sobre la ley aplicable a las obligaciones contractuales de las comunidades europeas, Roma, 180 -
041 _aspa
942 _cBK
590 _aniveau_biblio:m niveau_hierar:0
100 1 _aBoggiano, Antonio
999 _c7477
_d7477